The Arab world facing the challenge of the new millenium / (Record no. 5615)
[ view plain ]
| 000 -LEADER | |
|---|---|
| fixed length control field | 01850nac a22003131u 4500 |
| 010 ## - LIBRARY OF CONGRESS CONTROL NUMBER | |
| LC control number | 2002512981 |
| 020 ## - INTERNATIONAL STANDARD BOOK NUMBER | |
| International Standard Book Number | 1860648169 |
| 035 ## - SYSTEM CONTROL NUMBER | |
| System control number | (OCoLC)ocm50067938 |
| 082 ## - DEWEY DECIMAL CLASSIFICATION NUMBER | |
| Classification number | 332.09174927 |
| Item number | AZZ |
| 090 ## - LOCALLY ASSIGNED LC-TYPE CALL NUMBER (OCLC); LOCAL CALL NUMBER (OCLC) | |
| -- | 5615 |
| -- | 5615 |
| 100 ## - MAIN ENTRY--PERSONAL NAME | |
| Personal name | Azzam, Henry T., |
| 245 14 - TITLE STATEMENT | |
| Title | The Arab world facing the challenge of the new millenium / |
| Statement of responsibility, etc | Henry T. Azzam. |
| 260 ## - PUBLICATION, DISTRIBUTION, ETC. (IMPRINT) | |
| Place of publication, distribution, etc | London ; |
| -- | New York : |
| Name of publisher, distributor, etc | Tauris,c.2002. |
| Date of publication, distribution, etc | c.2002. |
| 300 ## - PHYSICAL DESCRIPTION | |
| Extent | xiii, 210 p. : |
| Other physical details | ill. ; |
| Dimensions | 25 cm. |
| 500 ## - GENERAL NOTE | |
| General note | Distributer : Al-Ahram. |
| 505 8# - FORMATTED CONTENTS NOTE | |
| Formatted contents note | Machine generated contents note: 1 The Arab world: preparing for a new era of growth 1 -- 2 Challenges and opportunities in the new millennium 13 -- 3 The new economy and its impact on the Arab region 36 -- 4 Arab bond markets: moving from the embryonic stage to the take-off stage 50 -- 5 Arab stock markets: facing up to new challenges 64 -- 6 Drivers of change affecting Arab banks 79 -- 7 Arab currencies: fix or float? 95 -- 8 North Africa 106 -- 9 Levant 136 -- 10 The GCC countries 167 -- 11 The Arab world: a vision for growth 207. |
| 511 ## - PARTICIPANT OR PERFORMER NOTE | |
| Participant or performer note | Catalogued By :Mahitab. |
| 650 #0 - SUBJECT ADDED ENTRY--TOPICAL TERM | |
| Topical term or geographic name as entry element | Finance |
| Geographic subdivision | Arab countries. |
| 650 #0 - SUBJECT ADDED ENTRY--TOPICAL TERM | |
| Topical term or geographic name as entry element | Bonds |
| Geographic subdivision | Arab countries. |
| 650 #0 - SUBJECT ADDED ENTRY--TOPICAL TERM | |
| Topical term or geographic name as entry element | Stock exchanges |
| Geographic subdivision | Arab countries. |
| 650 #0 - SUBJECT ADDED ENTRY--TOPICAL TERM | |
| Topical term or geographic name as entry element | Banks and banking |
| Geographic subdivision | Arab countries. |
| 650 #0 - SUBJECT ADDED ENTRY--TOPICAL TERM | |
| Topical term or geographic name as entry element | Currency question |
| Geographic subdivision | Arab countries. |
| 651 #0 - SUBJECT ADDED ENTRY--GEOGRAPHIC NAME | |
| Geographic name | Arab countries |
| General subdivision | Economic integration. |
| 856 42 - ELECTRONIC LOCATION AND ACCESS | |
| Materials specified | Contributor biographical information |
| Uniform Resource Identifier | <a href="http://www.loc.gov/catdir/bios/hol051/2002512981.html">http://www.loc.gov/catdir/bios/hol051/2002512981.html</a> |
| 856 42 - ELECTRONIC LOCATION AND ACCESS | |
| Materials specified | Publisher description |
| Uniform Resource Identifier | <a href="http://www.loc.gov/catdir/description/hol031/2002512981.html">http://www.loc.gov/catdir/description/hol031/2002512981.html</a> |
| 856 42 - ELECTRONIC LOCATION AND ACCESS | |
| Materials specified | Table of contents |
| Uniform Resource Identifier | <a href="http://www.loc.gov/catdir/toc/fy034/2002512981.html">http://www.loc.gov/catdir/toc/fy034/2002512981.html</a> |
| 942 ## - ADDED ENTRY ELEMENTS (KOHA) | |
| Item type | Book - Borrowing |
| Call number prefix | 332.09174927AZZ |
| Withdrawn status | Item status | Damaged status | Not for loan | Home library | Current library | Shelving location | Date acquired | Source of acquisition | Total Checkouts | Total Renewals | Full call number | Barcode | Date last seen | Date last borrowed | Koha item type |
|---|---|---|---|---|---|---|---|---|---|---|---|---|---|---|---|
| Central Library | Central Library | First floor | 31/10/2007 | Purchase | 3 | 5 | 332.09174927AZZ | 000007043 | 15/07/2025 | 01/11/2011 | Book - Borrowing |